00422nam a2200145Ia 4500003000400000008004100004040001600045082001800061100002600079245008700105260003600192300000800228650002100236650001900257GCL140319s9999 xx 000 0 eng d aGCL / cGCL04a694.0952bH W1 aHOALDRAKE, WILLIAM H.10aTHE WAY OF THE CARPENTER TOOLS AND JAPANESE ARCHITECTURE / cHOALDRAKE, WILLIAM H. a[S.N] : bWEATHERHILL ، c1992 a20404aCARPENTRY, JAPAN04aTOOLS, HISTORY